00265nam a2200121Ia 45000030006000000080041000060400015000471000018000622450014000802600020000945460012001140050017001260STCL150530s9999 xx 000 0 und d aSTCLcSTCL aWilliam Black aGoldsmith bMacmillanc1909 aEnglish20220125170855.0